000 00419nam a2200157Ia 4500
008 230312s9999||||xx |||||||||||||| ||und||
020 _a0-7195-7268-1
082 _a650
_bBOR-B
100 _aBorrington Karen
245 0 _aBusiness Studies
260 _bJohn Murray
_aLondon
_c2002
300 _a416
546 _aEng.
650 _aManagement
_vThe Purpose of Business activity.Types of Business activity
942 _cBK
999 _c1328
_d1328